[Event "Cultural Village"]
[Site "Wijk aan Zee NED"]
[Date "2010.11.19"]
[Round "5"]
[White "Burg, Twan"]
[Black "Peelen, Piet"]
[Result "1-0"]
[WhiteTitle "IM"]
[BlackTitle "IM"]
[WhiteElo "2469"]
[BlackElo "2363"]
[WhiteFideId "1010697"]
[BlackFideId "1000403"]
[EventDate "2010.11.15"]

1. e4 c6 2. d4 d5 3. e5 Bf5 4. Nd2 e6 5. Nb3 Nd7 6. Nf3 Ne7 7. Be2 Nc8 8. O-O
Be7 9. a4 Ncb6 10. a5 Nc4 11. Bd3 b5 12. axb6 axb6 13. Rxa8 Qxa8 14. Bxf5 exf5
15. Qd3 g6 16. Nbd2 Nxd2 17. Bxd2 Nf8 18. Qb3 Qa6 19. Rc1 Ne6 20. c4 dxc4 21.
Rxc4 b5 22. Rc1 O-O 23. d5 cxd5 24. Qxd5 Rd8 25. Qb3 b4 26. h3 Qd3 27. Qxd3 Rxd3
28. Rc4 Rb3 29. Bc1 Rd3 30. Kf1 h5 31. Ke2 Rd5 32. Bd2 g5 33. g4 fxg4 34. hxg4
h4 35. Bxb4 Bxb4 36. Rxb4 h3 37. Rc4 Nf4+ 38. Ke3 Rd1 39. Rc6 Re1+ 40. Nxe1 1-0

[Event "Cultural Village"]
[Site "Wijk aan Zee NED"]
[Date "2010.11.19"]
[Round "5"]
[White "Blees, Enrico"]
[Black "Plukkel, Sjoerd"]
[Result "0-1"]
[WhiteElo "2153"]
[BlackElo "2274"]
[WhiteFideId "1019163"]
[BlackFideId "1008676"]
[EventDate "2010.11.15"]

1. c4 e5 2. g3 Nf6 3. Bg2 Nc6 4. e3 d5 5. cxd5 Nxd5 6. Ne2 Ndb4 7. O-O Bf5 8. e4
Be6 9. Nbc3 Qd3 10. f4 Bc5+ 11. Kh1 O-O-O 12. f5 Bc4 13. b3 Nc2 14. Rf3 Nxa1 15.
Rxd3 Bxd3 16. Nd5 Nc2 17. Nec3 h5 18. Bf1 N2b4 19. a3 Bc2 20. Qe2 Nd3 21. b4 Bd4
22. f6 gxf6 23. Bh3+ Kb8 24. Qf1 Nf2+ 25. Kg2 h4 26. Bf5 h3+ 27. Kf3 Rxd5 28.
exd5 Bxf5 29. g4 Bxg4+ 30. Kg3 Ne7 31. Nb5 Nf5# 0-1

[Event "Cultural Village"]
[Site "Wijk aan Zee NED"]
[Date "2010.11.21"]
[Round "6"]
[White "Grover, Sahaj"]
[Black "Swiercz, Dariusz"]
[Result "1/2-1/2"]
[WhiteTitle "IM"]
[BlackTitle "GM"]
[WhiteElo "2432"]
[BlackElo "2522"]
[WhiteFideId "5021103"]
[BlackFideId "1126881"]
[EventDate "2010.11.15"]

1. e4 c5 2. Nf3 e6 3. d4 cxd4 4. Nxd4 a6 5. Nc3 Qc7 6. Bd3 Nf6 7. Qe2 Bd6 8.
Ndb5 axb5 9. Nxb5 Qa5+ 10. Bd2 Bb4 11. Bxb4 Qxb4+ 12. c3 Qc5 13. e5 Ng4 14. f4
Ra4 15. Qxg4 Qxe5+ 16. fxe5 Rxg4 17. O-O O-O 18. Rae1 Nc6 19. Re3 Rg5 20. Rfe1
f6 21. exf6 gxf6 22. Nd6 Rd5 23. Nc4 Rg5 24. Nd6 f5 25. Be2 f4 26. Re4 f3 27.
Bxf3 Rxf3 28. Nxc8 Rd3 29. R4e3 Rd2 30. R3e2 Rd3 31. Nb6 Kf7 32. a4 Ke7 33. g3
h5 34. Re3 Rxe3 35. Rxe3 d5 36. b4 Kd6 37. Kf2 Ne5 38. Kg2 Rf5 39. a5 Ng4 40.
Re2 e5 41. h3 Nf6 42. Na4 Nd7 43. Nb2 Rf8 44. Rd2 Ke6 45. Nd1 Nf6 46. Ra2 d4 47.
cxd4 exd4 48. b5 Nd5 49. a6 Ra8 50. axb7 Rb8 51. Ra6+ Ke5 52. Ra7 Nc3 53. Nf2
Nxb5 54. Ra8 Rxb7 55. Rh8 Kd5 56. Rxh5+ Kc4 57. Rh8 Rd7 58. Rc8+ Nc7 59. g4 d3
60. g5 Kd4 61. h4 Nd5 62. Kg3 d2 63. g6 Ne7 64. Rc2 Ke3 65. h5 Rd5 66. Ng4+ Kd3
67. Rc7 Rxh5 68. Rxe7 Rg5 69. Kf3 Rxg6 70. Rd7+ Kc2 71. Ne3+ Kc3 72. Ke2 Rh6 73.
Rc7+ Kb4 74. Kxd2 Kb5 75. Nf5 Rh5 76. Nd4+ Kb4 77. Nc2+ Kb5 78. Ne3 Rh2+ 79. Kd3
Rh4 80. Nf5 Rh5 81. Nd4+ Kb6 82. Rc6+ Kb7 83. Kc4 Rh1 84. Rg6 Kc7 85. Nf3 Rc1+
86. Kd5 Rh1 87. Rg5 Kb6 88. Nd4 Rd1 89. Rg6+ Kc7 90. Rc6+ Kd7 91. Rd6+ 1/2-1/2

[Event "Cultural Village"]
[Site "Wijk aan Zee NED"]
[Date "2010.11.21"]
[Round "6"]
[White "Peelen, Piet"]
[Black "Blees, Enrico"]
[Result "0-1"]
[WhiteTitle "IM"]
[WhiteElo "2363"]
[BlackElo "2153"]
[WhiteFideId "1000403"]
[BlackFideId "1019163"]
[EventDate "2010.11.15"]

1. d4 d5 2. c4 c6 3. Nc3 Nf6 4. e3 Bg4 5. Qb3 Qb6 6. Qxb6 axb6 7. cxd5 cxd5 8.
f3 Bd7 9. e4 dxe4 10. fxe4 e5 11. dxe5 Ng4 12. Nf3 Nc6 13. Bf4 Bc5 14. Bc4 O-O
15. Rf1 Nb4 16. Ke2 Nc2 17. Rad1 Be6 18. Bxe6 fxe6 19. Ng5 Rfe8 20. Rd7 Nd4+ 21.
Kd3 Nc6 22. Kc2 h6 23. Nf3 Be3 24. Bg3 Bd4 25. Kb1 Bxc3 26. bxc3 Ra3 27. Nd4
Ncxe5 28. Rxb7 Rea8 29. Nxe6 Rxa2 30. Rf8+ Rxf8 31. Kxa2 Re8 32. Rxb6 Ra8+ 33.
Kb3 Ra1 34. Bxe5 Rb1+ 0-1

[Event "Cultural Village"]
[Site "Wijk aan Zee NED"]
[Date "2010.11.21"]
[Round "6"]
[White "Plukkel, Sjoerd"]
[Black "Sulypa, Oleksandr"]
[Result "0-1"]
[BlackTitle "GM"]
[WhiteElo "2274"]
[BlackElo "2490"]
[WhiteFideId "1008676"]
[BlackFideId "14100487"]
[EventDate "2010.11.15"]

1. e4 e5 2. Nf3 Nc6 3. d4 exd4 4. Nxd4 Nf6 5. Nxc6 bxc6 6. Bd3 d5 7. exd5 cxd5
8. O-O Be7 9. Nc3 O-O 10. Bg5 Be6 11. Qf3 h6 12. Bf4 c6 13. h3 Bd6 14. Ne2 c5
15. Rad1 Rb8 16. Bc1 Nd7 17. Qh5 Qf6 18. Ng3 Bf4 19. b3 Bxc1 20. Rxc1 c4 21. Be2
Qf4 22. Qf3 Qe5 23. Rfe1 Qb2 24. bxc4 dxc4 25. a3 Rfe8 26. Nh5 Qb5 27. Qg3 Qg5
28. Qc3 Bd5 29. Qg3 Rxe2 30. Nf6+ Nxf6 31. Qxb8+ Kh7 32. Qh2 c3 33. h4 Rxe1+ 34.
Rxe1 Qd2 35. Qe5 Qxc2 36. Qf4 Qg6 37. g3 c2 38. Rc1 Qd3 39. Kh2 h5 40. Kh3 Be6+
41. Kg2 Ng4 42. Re1 Bd5+ 43. Kh3 Nf6 44. Rc1 Qe4 45. Qxe4+ Bxe4 46. f3 Bg6 47.
Kg2 Nd7 0-1

[Event "Cultural Village"]
[Site "Wijk aan Zee NED"]
[Date "2010.11.21"]
[Round "6"]
[White "Ootes, Lars"]
[Black "Burg, Twan"]
[Result "0-1"]
[BlackTitle "IM"]
[WhiteElo "2370"]
[BlackElo "2469"]
[WhiteFideId "1019708"]
[BlackFideId "1010697"]
[EventDate "2010.11.15"]

1. e4 c5 2. Nf3 d6 3. d4 cxd4 4. Nxd4 Nf6 5. Nc3 a6 6. Bg5 Nbd7 7. Bc4 Qb6 8.
Bb3 e6 9. Qd2 Be7 10. O-O-O Nc5 11. Rhe1 O-O 12. f4 h6 13. h4 Qc7 14. Bxf6 Bxf6
15. g4 Bxd4 16. Qxd4 e5 17. Qg1 exf4 18. g5 Nxb3+ 19. axb3 h5 20. Nd5 Qa5 21.
Nf6+ Kh8 22. Rd5 Qa1+ 23. Kd2 Qxb2 24. Rb1 Qa2 25. Ra1 Qb2 26. Rda5 b5 27. Nxh5
Bb7 28. R5a2 Qe5 29. Rf1 Rac8 30. Nxf4 Qc3+ 31. Kd1 Bxe4 32. Qf2 Rfe8 33. Qd2
Bf3+ 34. Kc1 Qxb3 35. Rb2 Qe3 36. Qxe3 Rxe3 37. Ra2 Bb7 38. h5 Rc5 39. g6 Rf5
40. gxf7 Kh7 41. Kd2 Re7 42. Ne6 Rxf1 43. f8=Q Rxf8 44. Nxf8+ Kh6 45. Ra3 Rf7
46. Ne6 Rf3 47. Ra1 Rf2+ 48. Kd3 Bc8 49. Nd4 Kxh5 50. Rh1+ Kg5 51. Rh8 Bb7 52.
Rd8 Rf7 53. Rxd6 Kh4 54. Ne6 Bc8 55. Nc5 g5 56. Rc6 Bf5+ 57. Kd2 g4 58. Rh6+ Kg5
59. Rxa6 g3 60. Ke3 Bxc2 61. Ra2 g2 62. Ne6+ Kg4 0-1

[Event "Cultural Village"]
[Site "Wijk aan Zee NED"]
[Date "2010.11.21"]
[Round "6"]
[White "Pruijssers, Roeland"]
[Black "Arun Prasad, S."]
[Result "1/2-1/2"]
[WhiteTitle "IM"]
[BlackTitle "GM"]
[WhiteElo "2487"]
[BlackElo "2519"]
[WhiteFideId "1013068"]
[BlackFideId "5011167"]
[EventDate "2010.11.15"]

1. e4 c6 2. d4 d5 3. Nc3 dxe4 4. Nxe4 Nd7 5. Ng5 Ngf6 6. Bd3 e6 7. N1f3 Bd6 8.
Qe2 h6 9. Ne4 Nxe4 10. Qxe4 Qc7 11. O-O b6 12. Qg4 Kf8 13. Re1 Bb7 14. Qh4 c5
15. Be4 Bxe4 16. Qxe4 Rd8 17. dxc5 Nxc5 18. Qh4 Kg8 19. b3 Kh7 20. Ng5+ Kg8 21.
Nf3 Kh7 22. Ng5+ Kg8 1/2-1/2

[Event "Cultural Village"]
[Site "Wijk aan Zee NED"]
[Date "2010.11.22"]
[Round "7"]
[White "Arun Prasad, S."]
[Black "Plukkel, Sjoerd"]
[Result "1-0"]
[WhiteTitle "GM"]
[WhiteElo "2519"]
[BlackElo "2274"]
[WhiteFideId "5011167"]
[BlackFideId "1008676"]
[EventDate "2010.11.15"]

1. d4 Nf6 2. c4 e6 3. g3 Bb4+ 4. Bd2 Qe7 5. Nf3 O-O 6. Bg2 Bxd2+ 7. Qxd2 d6 8.
Nc3 e5 9. O-O Re8 10. Rac1 c6 11. e4 Na6 12. h3 Bd7 13. Rfe1 Rad8 14. a3 Nh5 15.
Rcd1 Qf6 16. Re3 Be6 17. b3 Nc7 18. Rd3 Rb8 19. Nh2 Qg6 20. dxe5 dxe5 21. Rd6 f6
22. Qe3 Na6 23. Ne2 Qg5 24. Qxa7 f5 25. exf5 Bxf5 26. g4 Bc2 27. R1d2 Bxb3 28.
gxh5 Bxc4 29. Ng3 Nc7 30. Ne4 Qxh5 31. Ng4 Kh8 32. Rd7 Ne6 33. Nd6 Ra8 34. Qe3
Bd5 35. Bxd5 cxd5 36. Nxe8 Nf4 37. Qxe5 Nxh3+ 38. Kf1 Qxg4 39. Qxg7+ Qxg7 40.
Nxg7 1-0

[Event "Cultural Village"]
[Site "Wijk aan Zee NED"]
[Date "2010.11.22"]
[Round "7"]
[White "Sulypa, Oleksandr"]
[Black "Peelen, Piet"]
[Result "1-0"]
[WhiteTitle "GM"]
[BlackTitle "IM"]
[WhiteElo "2490"]
[BlackElo "2363"]
[WhiteFideId "14100487"]
[BlackFideId "1000403"]
[EventDate "2010.11.15"]

1. c4 Nf6 2. Nf3 g6 3. Nc3 d5 4. Qa4+ Bd7 5. Qb3 dxc4 6. Qxc4 a6 7. d4 b5 8. Qd3
Bg7 9. e4 b4 10. Nd1 c5 11. dxc5 Nc6 12. h3 Qa5 13. e5 Bf5 14. exf6 Bxd3 15.
fxg7 Rg8 16. Bxd3 O-O-O 17. Be2 b3+ 18. Bd2 Qxa2 19. Rc1 e5 20. Bg5 Rxd1+ 21.
Rxd1 Qxb2 22. Bxa6+ Kc7 23. O-O Rxg7 24. Bf6 Rg8 25. Bb5 Re8 26. Rd6 Re6 27.
Rxc6+ Rxc6 28. Bxe5+ Qxe5 29. Nxe5 Rxc5 30. Ba4 b2 31. Nd3 Rc1 32. Nxb2 1-0

[Event "Cultural Village"]
[Site "Wijk aan Zee NED"]
[Date "2010.11.22"]
[Round "7"]
[White "Blees, Enrico"]
[Black "Ootes, Lars"]
[Result "0-1"]
[WhiteElo "2153"]
[BlackElo "2370"]
[WhiteFideId "1019163"]
[BlackFideId "1019708"]
[EventDate "2010.11.15"]

1. c4 Nf6 2. g3 g6 3. Bg2 Bg7 4. Nc3 O-O 5. Nf3 d6 6. O-O e5 7. d3 h6 8. Rb1 Nh5
9. b4 f5 10. Qb3 Kh7 11. c5 Qe8 12. Nd2 Nc6 13. cxd6 Nd4 14. Qa3 cxd6 15. b5 Qd8
16. Nc4 d5 17. Nd2 f4 18. e3 fxe3 19. fxe3 Nc2 20. Qc5 Be6 21. Nd1 Rxf1+ 22.
Nxf1 Ne1 23. Nf2 Nxg2 24. Kxg2 Rc8 25. Qxa7 Qf6 26. Qa5 e4 27. d4 Bf8 28. Qe1
Bd6 29. Qe2 Qe7 30. a4 Ra8 31. Ra1 b6 32. Bd2 Bc7 33. Qd1 Nf6 34. Rc1 h5 35. Rc6
Rf8 36. Qe1 Qd7 37. h3 Kh6 38. a5 bxa5 39. Bxa5 Bb8 40. Qe2 Nh7 41. h4 Rf6 42.
Qc2 g5 43. hxg5+ Nxg5 44. Qe2 Bd6 45. Nh2 Nf3 46. Bb6 Rg6 47. Nf1 h4 48. Nh1
Bh3+ 49. Kf2 Qg7 50. Bc5 Bxf1 51. Qxf1 hxg3+ 52. Nxg3 Bxg3+ 53. Ke2 Rxc6 54.
bxc6 Bh4 55. Bb6 Qg6 56. Bc5 Qxc6 0-1

[Event "Cultural Village"]
[Site "Wijk aan Zee NED"]
[Date "2010.11.22"]
[Round "7"]
[White "Swiercz, Dariusz"]
[Black "Pruijssers, Roeland"]
[Result "1-0"]
[WhiteTitle "GM"]
[BlackTitle "IM"]
[WhiteElo "2522"]
[BlackElo "2487"]
[WhiteFideId "1126881"]
[BlackFideId "1013068"]
[EventDate "2010.11.15"]

1. d4 Nf6 2. c4 g6 3. Nc3 Bg7 4. e4 d6 5. Nf3 O-O 6. Be2 e5 7. O-O Nbd7 8. Re1
c6 9. Bf1 a5 10. Rb1 exd4 11. Nxd4 Re8 12. Bf4 Nc5 13. f3 Nh5 14. Be3 f5 15.
exf5 gxf5 16. Qd2 f4 17. Bf2 Be5 18. Rbd1 Qf6 19. Nb3 Nxb3 20. axb3 Bf5 21. Bd3
Ng7 22. Ne4 Bxe4 23. Bxe4 Ne6 24. Qd3 Re7 25. Bf5 Nc5 26. Qc2 Nxb3 27. Bxh7+
Rxh7 28. Qxb3 a4 29. Qb4 Kh8 30. c5 Rg8 31. Re2 Qg6 32. Bd4 Qh5 33. cxd6 Qxh2+
34. Kf1 Qh1+ 35. Bg1 Rhg7 36. Rdd2 Qh3 37. Qe4 Bxd6 38. Rxd6 Rxg2 39. Bd4+ R2g7+
40. Ke1 1-0

[Event "Cultural Village"]
[Site "Wijk aan Zee NED"]
[Date "2010.11.22"]
[Round "7"]
[White "Burg, Twan"]
[Black "Grover, Sahaj"]
[Result "1/2-1/2"]
[WhiteTitle "IM"]
[BlackTitle "IM"]
[WhiteElo "2469"]
[BlackElo "2432"]
[WhiteFideId "1010697"]
[BlackFideId "5021103"]
[EventDate "2010.11.15"]

1. e4 e6 2. d4 d5 3. Nd2 dxe4 4. Nxe4 Nd7 5. Nf3 Ngf6 6. Nxf6+ Nxf6 7. c3 c5 8.
Ne5 a6 9. Qa4+ Bd7 10. Nxd7 Qxd7 11. Qxd7+ Kxd7 12. dxc5 Bxc5 13. f3 Ke7 14. Bc4
Rac8 15. Ke2 Rhd8 16. Bb3 h6 17. Bd2 Nd7 18. Rhd1 Ne5 19. Bf4 Nc6 20. h4 Rxd1
21. Rxd1 h5 22. Bc2 g6 23. Bg5+ Ke8 24. g3 Bb6 25. Be4 Bd8 26. Be3 Bc7 27. Rg1
f5 28. Bc2 Kf7 29. Bg5 Bb6 30. Rc1 Bd8 31. Be3 Bf6 32. Ba4 b5 33. Bd1 Na5 34.
Rc2 Nc4 35. Bc1 Rd8 36. b3 Na5 37. Bd2 Nc6 38. Be3 Be5 39. Bf2 b4 40. cxb4 Nxb4
41. Rc4 Nd3 42. Bb6 Rd7 43. f4 Bf6 44. Rc7 Rxc7 45. Bxc7 Nc1+ 46. Kd2 Nxa2 47.
Be2 Nb4 48. Ba5 Nc6 49. Bc7 a5 50. Bb5 Bd8 51. Bxc6 Bxc7 52. Ke3 e5 53. fxe5
Bxe5 54. Kf3 Kf6 55. Be8 Bc7 56. Bb5 g5 57. hxg5+ Kxg5 58. Be8 Bd6 59. Bb5 f4
60. gxf4+ Bxf4 61. Kg2 h4 62. Kh3 1/2-1/2

[Event "Cultural Village"]
[Site "Wijk aan Zee NED"]
[Date "2010.11.23"]
[Round "8"]
[White "Ootes, Lars"]
[Black "Sulypa, Oleksandr"]
[Result "0-1"]
[BlackTitle "GM"]
[WhiteElo "2370"]
[BlackElo "2490"]
[WhiteFideId "1019708"]
[BlackFideId "14100487"]
[EventDate "2010.11.15"]

1. e4 e6 2. d4 d5 3. Nc3 Nf6 4. e5 Nfd7 5. f4 c5 6. Nf3 Nc6 7. Be3 Be7 8. Bd3
Qb6 9. O-O c4 10. Be2 Qxb2 11. Bd2 a6 12. Rb1 Qa3 13. f5 b5 14. Qe1 b4 15. Qg3
bxc3 16. Bc1 Qxa2 17. fxe6 fxe6 18. Qxg7 Rf8 19. Bg5 Qxc2 20. Bxe7 Nxe7 21. Ng5
Qg6 22. Bh5 Qxh5 23. Nxe6 Rxf1+ 24. Rxf1 Qg6 25. Qh8+ Ng8 26. Ng7+ Kd8 27. Qxg8+
Kc7 28. Qxd5 Bb7 29. Ne6+ Kb8 30. Qd6+ Ka7 31. d5 Rg8 32. g3 c2 33. Qxd7 Qd3 34.
Ra1 Qd1+ 0-1

[Event "Cultural Village"]
[Site "Wijk aan Zee NED"]
[Date "2010.11.23"]
[Round "8"]
[White "Peelen, Piet"]
[Black "Arun Prasad, S."]
[Result "1/2-1/2"]
[WhiteTitle "IM"]
[BlackTitle "GM"]
[WhiteElo "2363"]
[BlackElo "2519"]
[WhiteFideId "1000403"]
[BlackFideId "5011167"]
[EventDate "2010.11.15"]

1. d4 d5 2. c4 c6 3. Nc3 Nf6 4. cxd5 cxd5 5. Nf3 Nc6 6. Bf4 Ne4 7. e3 Nxc3 8.
bxc3 g6 9. Ne5 Bg7 10. Nxc6 bxc6 11. Qa4 Qd7 12. Rc1 O-O 13. c4 c5 14. Qxd7 Bxd7
15. dxc5 d4 16. exd4 Bxd4 17. Rd1 Bc3+ 18. Bd2 Bxd2+ 19. Kxd2 Rfc8 20. Kc3 Be6
21. Rd4 Rxc5 22. Bd3 Rac8 23. a4 R8c7 24. Re1 Kf8 25. f4 Bd7 26. Bc2 f6 27. Red1
Be6 28. Bd3 Bd5 29. g3 Bc6 30. Bc2 a5 31. Bb3 Kg7 32. h4 e5 33. fxe5 fxe5 34.
Rd8 Bxa4 35. R1d5 Bxb3 36. Rxc5 Rxc5 37. Kxb3 Kf6 38. Rf8+ Ke7 39. Ra8 e4 40.
Ra7+ Ke6 41. Rxh7 e3 42. Kc2 Rxc4+ 43. Kd3 Re4 44. Ke2 Re5 45. Ra7 Kf6 46. g4
Re4 47. Rxa5 Rxg4 48. Kxe3 Rxh4 49. Kf3 Rb4 50. Rc5 g5 51. Kg3 Kg6 52. Rc8 Rf4 1/2-1/2

[Event "Cultural Village"]
[Site "Wijk aan Zee NED"]
[Date "2010.11.23"]
[Round "8"]
[White "Grover, Sahaj"]
[Black "Blees, Enrico"]
[Result "1-0"]
[WhiteTitle "IM"]
[WhiteElo "2432"]
[BlackElo "2153"]
[WhiteFideId "5021103"]
[BlackFideId "1019163"]
[EventDate "2010.11.15"]

1. e4 d5 2. exd5 Qxd5 3. Nc3 Qa5 4. Bc4 Nf6 5. d3 Bf5 6. h3 e6 7. Qe2 Nbd7 8.
Bd2 Bb4 9. g4 Bg6 10. f4 O-O-O 11. a3 c6 12. O-O-O Bxc3 13. Bxc3 Qc7 14. Qf2 Kb8
15. Ne2 Ka8 16. Ng3 Nb6 17. Bxf6 1-0

[Event "Cultural Village"]
[Site "Wijk aan Zee NED"]
[Date "2010.11.23"]
[Round "8"]
[White "Pruijssers, Roeland"]
[Black "Plukkel, Sjoerd"]
[Result "1-0"]
[WhiteTitle "IM"]
[WhiteElo "2487"]
[BlackElo "2274"]
[WhiteFideId "1013068"]
[BlackFideId "1008676"]
[EventDate "2010.11.15"]

1. e4 c5 2. Nf3 d6 3. d4 cxd4 4. Nxd4 Nf6 5. Nc3 Nc6 6. Bg5 e6 7. Qd2 Be7 8.
O-O-O O-O 9. f4 Nxd4 10. Qxd4 Qa5 11. Kb1 h6 12. h4 e5 13. Qd3 exf4 14. Bxf4 Be6
15. Be2 Rac8 16. Nd5 Bxd5 17. exd5 Qa4 18. c4 b5 19. Qb3 Qxb3 20. axb3 Ne4 21.
Rc1 bxc4 22. Rxc4 f5 23. Rc6 Rb8 24. Bc4 Rb7 25. Kc2 Rfb8 26. h5 Rb6 27. Ra1 Bg5
28. Bxg5 hxg5 29. Rxa7 Nf6 30. Re7 Nxh5 31. Rd7 Nf6 32. Rdxd6 R6b7 33. Re6 Rd7
34. Re5 Ng4 35. d6+ Kh8 36. Re6 Rbd8 37. Bd3 Rf7 38. Rc7 Rf6 39. d7 Rxe6 40. Rc8
Ne3+ 41. Kd2 Nf1+ 42. Kc3 Rc6+ 43. Rxc6 Ne3 44. Rc8 Nd5+ 45. Kd4 1-0

[Event "Cultural Village"]
[Site "Wijk aan Zee NED"]
[Date "2010.11.24"]
[Round "9"]
[White "Burg, Twan"]
[Black "Pruijssers, Roeland"]
[Result "0-1"]
[WhiteTitle "IM"]
[BlackTitle "IM"]
[WhiteElo "2469"]
[BlackElo "2487"]
[WhiteFideId "1010697"]
[BlackFideId "1013068"]
[EventDate "2010.11.15"]

1. d4 Nf6 2. Nf3 g6 3. c4 Bg7 4. Nc3 O-O 5. e4 d6 6. h3 Na6 7. g3 e5 8. Bg2 exd4
9. Nxd4 Re8 10. O-O Nc5 11. Re1 a6 12. b3 Rb8 13. Bb2 Nfd7 14. Qd2 Ne5 15. Re3
h5 16. f4 Nc6 17. Nd5 h4 18. Nxc6 bxc6 19. Bxg7 cxd5 20. Bb2 dxe4 21. f5 gxf5
22. gxh4 Qxh4 23. Qc3 Re5 24. Rg3+ Kf8 25. Qe1 Qh6 26. Qa5 Ne6 27. Bxe5 dxe5 28.
Qxe5 f4 29. Rg4 f3 30. Rxe4 fxg2 31. h4 Qg7 32. Qxg7+ Nxg7 33. Rd1 Bb7 34. Rg4
Re8 35. Rg3 Nf5 36. Rgd3 Nxh4 37. Kf2 Ng6 38. Kg3 Re5 39. Kg4 Kg7 40. b4 Re4+
41. Kg3 Rxc4 42. a3 Rf4 43. Rg1 Rf5 44. Re3 Kh6 45. a4 Kg5 46. Kh2 Kf4 47. Rh3
Ne5 48. Rh4+ Kg5 49. Rh3 Ng4+ 50. Kg3 Rf3+ 51. Kxg2 Ra3+ 52. Rf3 Bxf3+ 53. Kf1
Ra1# 0-1

[Event "Cultural Village"]
[Site "Wijk aan Zee NED"]
[Date "2010.11.24"]
[Round "9"]
[White "Arun Prasad, S."]
[Black "Ootes, Lars"]
[Result "1/2-1/2"]
[WhiteTitle "GM"]
[WhiteElo "2519"]
[BlackElo "2370"]
[WhiteFideId "5011167"]
[BlackFideId "1019708"]
[EventDate "2010.11.15"]

1. d4 Nf6 2. c4 g6 3. g3 c5 4. d5 e6 5. Nc3 exd5 6. cxd5 d6 7. Bg2 Bg7 8. Nf3
O-O 9. O-O Nbd7 10. Nd2 Nh5 11. Nde4 Ndf6 12. Nxf6+ Qxf6 13. e4 a6 14. a4 Rb8
15. Be3 Qe7 16. f4 f5 17. e5 dxe5 18. d6 Qe8 19. fxe5 Qxe5 20. Re1 Bd7 21. Bd5+
Kh8 22. Bxc5 Qf6 23. Re7 b6 24. Ba3 f4 25. Rxd7 fxg3 26. Ne4 Qh4 27. Qd2 Rf2 28.
Nxf2 Qxh2+ 29. Kf1 gxf2 30. Qxf2 Qh3+ 31. Ke2 Qxd7 32. Rf1 Nf6 33. Qd4 Re8+ 34.
Kd3 Nxd5 35. Qxd5 Qg4 36. Qf3 Qxa4 37. Qd5 Qg4 38. Qf3 Qd4+ 39. Kc2 Qc4+ 40. Kb1
Rf8 41. Qxf8+ Bxf8 42. Rxf8+ Kg7 43. Rb8 Qd3+ 44. Ka2 Qd5+ 45. b3 b5 46. Re8 a5
47. d7 Qxd7 48. Re7+ Qxe7 49. Bxe7 Kf7 50. Bd8 a4 51. bxa4 bxa4 52. Ka3 Ke6 53.
Kxa4 Kf5 54. Kb3 Kg4 55. Kc3 h5 56. Kd3 h4 57. Ke2 Kg3 58. Kf1 h3 59. Kg1 Kg4 1/2-1/2

[Event "Cultural Village"]
[Site "Wijk aan Zee NED"]
[Date "2010.11.24"]
[Round "9"]
[White "Blees, Enrico"]
[Black "Swiercz, Dariusz"]
[Result "0-1"]
[BlackTitle "GM"]
[WhiteElo "2153"]
[BlackElo "2522"]
[WhiteFideId "1019163"]
[BlackFideId "1126881"]
[EventDate "2010.11.15"]

1. e4 c5 2. Nf3 d6 3. d4 cxd4 4. Nxd4 Nf6 5. Nc3 a6 6. Be2 e5 7. Nb3 Be7 8. O-O
Be6 9. Kh1 O-O 10. f4 exf4 11. Bxf4 Nc6 12. Qe1 Ne8 13. Rd1 Bg5 14. Qg3 Bxf4 15.
Qxf4 Qe7 16. Nd4 Nxd4 17. Rxd4 Qc7 18. Qe3 Qb6 19. Na4 Qa5 20. Qc3 Qxc3 21. Nxc3
Rc8 22. Rb4 Rc7 23. Rb6 f6 24. Kg1 Kf7 25. Bd3 g6 26. Ne2 Ke7 27. Nd4 Ng7 28.
Nb3 Bxb3 29. axb3 Ne6 30. Bc4 Nc5 31. Bd5 Rb8 32. e5 dxe5 33. Rbxf6 Rd7 34. c4
a5 35. Rf7+ Kd6 36. R1f6+ Kc7 37. Rxd7+ Kxd7 38. Rf7+ Kd6 39. Rxh7 Nxb3 40. Rh6
Kc5 41. Rxg6 b5 42. Rc6+ Kd4 43. Bf7 b4 44. Rd6+ Ke3 45. h4 a4 46. Ra6 Nc5 47.
Ra5 Kd4 48. Rb5 Rf8 49. Bh5 b3 50. Be2 e4 51. h5 Nd3 52. h6 Rh8 53. Rb6 Nxb2 54.
g4 Kc3 55. g5 a3 56. Ra6 a2 57. Bf1 Kb4 58. c5 Na4 59. g6 a1=Q 60. g7 Rb8 0-1

[Event "Cultural Village"]
[Site "Wijk aan Zee NED"]
[Date "2010.11.24"]
[Round "9"]
[White "Plukkel, Sjoerd"]
[Black "Peelen, Piet"]
[Result "0-1"]
[BlackTitle "IM"]
[WhiteElo "2274"]
[BlackElo "2363"]
[WhiteFideId "1008676"]
[BlackFideId "1000403"]
[EventDate "2010.11.15"]

1. e4 c6 2. d4 d5 3. e5 Bf5 4. Nc3 e6 5. g4 Bg6 6. Nge2 Ne7 7. Nf4 c5 8. h4 cxd4
9. Nb5 Nec6 10. h5 Be4 11. f3 a6 12. fxe4 axb5 13. exd5 exd5 14. e6 Bb4+ 15. Bd2
O-O 16. h6 fxe6 17. c3 dxc3 18. bxc3 Rxf4 19. Bd3 Qf6 20. cxb4 Qe5+ 21. Be2 Re4
22. Kf2 Nd4 23. Bd3 Ra3 24. Bxe4 Qg3+ 25. Kf1 dxe4 26. Bc3 Rxc3 27. Qxd4 Rf3+
28. Ke2 Qg2+ 29. Kd1 Qxh1+ 30. Kc2 Qg2+ 0-1